<?xml version="1.0" encoding="UTF-8"?>
<record
    xmlns:xsi="http://www.w3.org/2001/XMLSchema-instance"
    xsi:schemaLocation="http://www.loc.gov/MARC21/slim http://www.loc.gov/standards/marcxml/schema/MARC21slim.xsd"
    xmlns="http://www.loc.gov/MARC21/slim">

  <leader>02503nam a22003257a 4500</leader>
  <controlfield tag="005">2010091802302.0</controlfield>
  <datafield tag="010" ind1=" " ind2=" ">
    <subfield code="a">HIN-90524  B-428941-944</subfield>
  </datafield>
  <datafield tag="020" ind1=" " ind2=" ">
    <subfield code="c">550.00</subfield>
    <subfield code="a">9789380146782</subfield>
  </datafield>
  <datafield tag="035" ind1=" " ind2=" ">
    <subfield code="a">HN-62870</subfield>
  </datafield>
  <datafield tag="035" ind1=" " ind2=" ">
    <subfield code="a">B-428941-944</subfield>
  </datafield>
  <datafield tag="037" ind1=" " ind2=" ">
    <subfield code="b">DBAD / PUB</subfield>
  </datafield>
  <datafield tag="037" ind1=" " ind2=" ">
    <subfield code="b">Virtuous Pub.</subfield>
  </datafield>
  <datafield tag="082" ind1=" " ind2=" ">
    <subfield code="a">820.92</subfield>
  </datafield>
  <datafield tag="245" ind1=" " ind2=" ">
    <subfield code="a">&#x92E;&#x928;&#x94D;&#x928;&#x942; &#x92D;&#x902;&#x921;&#x93E;&#x930;&#x940; &#x938;&#x943;&#x91C;&#x928; &#x915;&#x947; &#x936;&#x93F;&#x916;&#x930; /</subfield>
    <subfield code="c">&#x938;&#x941;&#x927;&#x93E; &#x905;&#x930;&#x94B;&#x921;&#x93C;&#x93E; &#x926;&#x94D;&#x935;&#x93E;&#x930;&#x93E; &#x938;&#x902;&#x92A;&#x93E;&#x926;&#x93F;&#x924;</subfield>
  </datafield>
  <datafield tag="246" ind1=" " ind2=" ">
    <subfield code="a">Mannu Bhandari: Srijan ke Shikhar</subfield>
    <subfield code="b">Ed. by Sudha Arora</subfield>
  </datafield>
  <datafield tag="260" ind1=" " ind2=" ">
    <subfield code="a">&#x928;&#x908; &#x926;&#x93F;&#x932;&#x94D;&#x932;&#x940;</subfield>
    <subfield code="b">&#x915;&#x93F;&#x924;&#x93E;&#x92C;&#x918;&#x930; &#x92A;&#x94D;&#x930;&#x915;&#x93E;&#x936;&#x928; </subfield>
    <subfield code="c">2010</subfield>
  </datafield>
  <datafield tag="270" ind1=" " ind2=" ">
    <subfield code="a">4855-56/24, &#x905;&#x902;&#x938;&#x93E;&#x930;&#x940; &#x930;&#x94B;&#x921;, &#x926;&#x930;&#x93F;&#x92F;&#x93E;&#x917;&#x902;&#x91C;</subfield>
    <subfield code="b">&#x928;&#x908; &#x926;&#x93F;&#x932;&#x94D;&#x932;&#x940;</subfield>
    <subfield code="e">110002</subfield>
  </datafield>
  <datafield tag="300" ind1=" " ind2=" ">
    <subfield code="a">368&#x92A;&#x943;.</subfield>
    <subfield code="c">22&#x938;&#x947;&#x92E;&#x940; (&#x938;&#x91C;&#x93F;&#x932;&#x94D;&#x926;)</subfield>
    <subfield code="b">&#x938;&#x91A;&#x93F;&#x924;&#x94D;&#x930;</subfield>
  </datafield>
  <datafield tag="500" ind1=" " ind2=" ">
    <subfield code="a">(&#x935;&#x915;&#x94D;&#x924;&#x935;&#x94D;&#x92F;, &#x906;&#x932;&#x947;&#x916; &#x90F;&#x935;&#x902; &#x935;&#x93F;&#x936;&#x94D;&#x932;&#x947;&#x937;&#x923;)</subfield>
  </datafield>
  <datafield tag="700" ind1=" " ind2=" ">
    <subfield code="9">20179</subfield>
    <subfield code="a">&#x905;&#x930;&#x94B;&#x921;&#x93C;&#x93E;, &#x938;&#x941;&#x927;&#x93E;</subfield>
  </datafield>
  <datafield tag="700" ind1=" " ind2=" ">
    <subfield code="9">20333</subfield>
  </datafield>
  <datafield tag="700" ind1=" " ind2=" ">
    <subfield code="9">20540</subfield>
  </datafield>
  <datafield tag="942" ind1=" " ind2=" ">
    <subfield code="2">ddc</subfield>
    <subfield code="c">HN</subfield>
    <subfield code="m">&#x92E;&#x928;&#x94D;&#x928;&#x942;&#x92D;&#x902;</subfield>
    <subfield code="h">820.92</subfield>
  </datafield>
  <datafield tag="999" ind1=" " ind2=" ">
    <subfield code="c">47314</subfield>
    <subfield code="d">47314</subfield>
  </datafield>
  <datafield tag="952" ind1=" " ind2=" ">
    <subfield code="0">0</subfield>
    <subfield code="1">0</subfield>
    <subfield code="2">ddc</subfield>
    <subfield code="4">0</subfield>
    <subfield code="7">1</subfield>
    <subfield code="8">NFIC</subfield>
    <subfield code="a">DBAD</subfield>
    <subfield code="b">DBAD</subfield>
    <subfield code="d">2010-09-21</subfield>
    <subfield code="e">DBAD / PUB</subfield>
    <subfield code="g">550.00</subfield>
    <subfield code="l">0</subfield>
    <subfield code="o">808.88&#x92E;&#x928;&#x94D;&#x928;&#x942;&#x92D;&#x902;</subfield>
    <subfield code="p">HN-62870</subfield>
    <subfield code="r">2010-09-21 00:00:00</subfield>
    <subfield code="t">1</subfield>
    <subfield code="v">550.00</subfield>
    <subfield code="y">HN</subfield>
  </datafield>
  <datafield tag="952" ind1=" " ind2=" ">
    <subfield code="0">0</subfield>
    <subfield code="1">0</subfield>
    <subfield code="4">0</subfield>
    <subfield code="7">0</subfield>
    <subfield code="8">NFIC</subfield>
    <subfield code="a">L</subfield>
    <subfield code="b">L</subfield>
    <subfield code="d">2011-05-11</subfield>
    <subfield code="e">&#x935;&#x930;&#x94D;&#x91A;&#x941;&#x905;&#x938;  /87/24.3.11/81/15.3.11/30.3.11</subfield>
    <subfield code="g">550.00</subfield>
    <subfield code="l">0</subfield>
    <subfield code="o">820.92 &#x92E;&#x928;&#x94D;&#x928;&#x942;&#x92D;&#x902;</subfield>
    <subfield code="p">B-428941</subfield>
    <subfield code="r">2011-05-11 00:00:00</subfield>
    <subfield code="t">2</subfield>
    <subfield code="v">550.00</subfield>
    <subfield code="w">2011-05-11</subfield>
    <subfield code="y">HN</subfield>
  </datafield>
  <datafield tag="952" ind1=" " ind2=" ">
    <subfield code="0">0</subfield>
    <subfield code="1">0</subfield>
    <subfield code="4">0</subfield>
    <subfield code="7">0</subfield>
    <subfield code="8">NFIC</subfield>
    <subfield code="a">L</subfield>
    <subfield code="b">L</subfield>
    <subfield code="d">2011-05-11</subfield>
    <subfield code="e">&#x935;&#x930;&#x94D;&#x91A;&#x941;&#x905;&#x938;  /87/24.3.11/81/15.3.11/30.3.11</subfield>
    <subfield code="g">550.00</subfield>
    <subfield code="l">0</subfield>
    <subfield code="o">820.92 &#x92E;&#x928;&#x94D;&#x928;&#x942;&#x92D;&#x902;</subfield>
    <subfield code="p">B-428942</subfield>
    <subfield code="r">2011-05-11 00:00:00</subfield>
    <subfield code="t">2</subfield>
    <subfield code="v">550.00</subfield>
    <subfield code="w">2011-05-11</subfield>
    <subfield code="y">HN</subfield>
  </datafield>
  <datafield tag="952" ind1=" " ind2=" ">
    <subfield code="0">0</subfield>
    <subfield code="1">0</subfield>
    <subfield code="4">0</subfield>
    <subfield code="7">0</subfield>
    <subfield code="8">NFIC</subfield>
    <subfield code="a">BL1</subfield>
    <subfield code="b">BL1</subfield>
    <subfield code="d">2011-05-11</subfield>
    <subfield code="e">&#x935;&#x930;&#x94D;&#x91A;&#x941;&#x905;&#x938;  /87/24.3.11/81/15.3.11/30.3.11</subfield>
    <subfield code="g">550.00</subfield>
    <subfield code="l">1</subfield>
    <subfield code="o">820.92 &#x92E;&#x928;&#x94D;&#x928;&#x942;&#x92D;&#x902;</subfield>
    <subfield code="p">B-428943</subfield>
    <subfield code="r">2018-08-08 00:00:00</subfield>
    <subfield code="s">2018-07-24</subfield>
    <subfield code="t">1</subfield>
    <subfield code="v">550.00</subfield>
    <subfield code="w">2011-05-11</subfield>
    <subfield code="y">HN</subfield>
  </datafield>
  <datafield tag="952" ind1=" " ind2=" ">
    <subfield code="0">0</subfield>
    <subfield code="1">0</subfield>
    <subfield code="4">0</subfield>
    <subfield code="7">0</subfield>
    <subfield code="8">NFIC</subfield>
    <subfield code="a">ZLS</subfield>
    <subfield code="b">ZLS</subfield>
    <subfield code="d">2011-05-11</subfield>
    <subfield code="e">&#x935;&#x930;&#x94D;&#x91A;&#x941;&#x905;&#x938;  /87/24.3.11/81/15.3.11/30.3.11</subfield>
    <subfield code="g">550.00</subfield>
    <subfield code="l">3</subfield>
    <subfield code="m">2</subfield>
    <subfield code="o">820.92 &#x92E;&#x928;&#x94D;&#x928;&#x942;&#x92D;&#x902;</subfield>
    <subfield code="p">B-428944</subfield>
    <subfield code="r">2021-02-26 00:00:00</subfield>
    <subfield code="s">2021-02-12</subfield>
    <subfield code="t">1</subfield>
    <subfield code="v">550.00</subfield>
    <subfield code="w">2011-05-11</subfield>
    <subfield code="y">HN</subfield>
  </datafield>
</record>
